Arxiu complementari de l'Arxiu Nacional de Catalunya / a cura de Ma. Mercedes Díaz Rodríguez
Publicado:
[Sant Cugat del Vallès] :
Arxiu Nacional de Catalunya, Àrea d'Imatges, Gràfics i Àudio - visuals ,
1995
Descripción Física:
[52] p. ; 29 cm
Otros Autores:
Díaz Rodríguez, Mercedes
MARC
| LEADER | 00000nam a2200000Ia 4500 | ||
|---|---|---|---|
| 001 | 11156 | ||
| 008 | 160829s1995 xx 000 0 cat d | ||
| 080 | |a A-1-85 | ||
| 110 | 2 | |a Arxiu Nacional de Catalunya |9 55117 | |
| 245 | |a Arxiu complementari de l'Arxiu Nacional de Catalunya / a cura de Ma. Mercedes Díaz Rodríguez | ||
| 260 | |a [Sant Cugat del Vallès] : |b Arxiu Nacional de Catalunya, Àrea d'Imatges, Gràfics i Àudio - visuals, |c 1995 | ||
| 300 | |a [52] p. ; |c 29 cm | ||
| 490 | |a Fons complementari de l'Arxiu Nacional de Catalunya ; 1 | ||
| 590 | |a Conté: Seccions de 'Códices, Clero, Órdenes militares, Silografía' | ||
| 650 | |a Arxiu Nacional de Catalunya. Arxiu Complementari |9 30050 | ||
| 700 | |a Díaz Rodríguez, Mercedes |9 30051 | ||
| 901 | |a Arxiu | ||
| 942 | |n 1 | ||
| 952 | |0 0 |1 0 |4 0 |6 A185 |7 1 |9 45233 |a Arxiu |b Arxiu |d 2016-12-01 |l 0 |o A-1-85 |p 11156 |r 2016-12-01 00:00:00 |w 2016-12-01 |y ARXIU | ||
| 999 | |c 48307 |d 48307 | ||